| 000 | 00705nam a22002417a 4500 | ||
|---|---|---|---|
| 001 | BR9403780 | ||
| 003 | BR-BrBNA | ||
| 005 | 20230928094227.0 | ||
| 007 | ta | ||
| 008 | 230509b bl.||||| |||| 00| 0 por d | ||
| 040 |
_aBR-BrBNA _bpor _cBiblioteca Nacional de Agricultura |
||
| 041 | _a(Por) | ||
| 072 | _aE14 | ||
| 090 | _ E14 BR9403780 | ||
| 110 | 1 |
_aProjeto Nordeste, Recife, PE (Brasil) _98080 |
|
| 245 | 1 | _aPrograma Regional de Apoio ao Pesqueno Produtor Rural, vol. 3 - Marco politico do programa | |
| 260 | 3 |
_aRecife, PE (Brasil): _c1984. |
|
| 300 | _a28 p. | ||
| 650 | _aPrograma de Desenvolvimento | ||
| 650 | _aPequeno Produtor | ||
| 909 |
_a202309 _bLucia _c55 _dLucia Elande |
||
| 942 | _cBK | ||
| 999 |
_c49527 _d49527 |
||